[Event "SLO-ch U10 Girls"]
[Site "Rogaska Slatina"]
[Date "2009.02.24"]
[Round "5"]
[White "Stanic, Veronika"]
[Black "Nemec, Hana"]
[Result "0-1"]
[WhiteElo "1500"]
[BlackElo "1500"]
[PlyCount "56"]
[EventDate "2009.02.22"]
[EventType "swiss"]
[EventRounds "9"]
[EventCountry "SLO"]
[SourceTitle "CBM 129 Extra"]
[Source "ChessBase"]
[SourceDate "2009.05.05"]
[SourceVersion "2"]
[SourceVersionDate "2009.05.20"]
[SourceQuality "1"]

1. e4 e5 2. Nf3 Nc6 3. Bc4 Nf6 4. 0-0 Bc5 5. Nc3 0-0 6. d3 h6 7. a3 d6 8. b4 Bd4 9. Nb5 Bxa1 10. Nh4 Bd4 11. Qf3 Bg4 12. Qg3 a6 13. h3 axb5 14. Bxb5 Bh5 15. Bxh6 Bg6 16. Bg5 Nh5 17. Qg4 f6 18. Bxf6 Qxf6 19. Bc4+ Kh7 20. Nf3 Qf4 21. Ng5+ Kh6 22. Ne6 Qxg4 23. hxg4 Ng3 24. g5+ Kh5 25. Rd1 Rxf2 26. Kh2 Rf1 27. Rd2 Kg4 28. Nxc7 Rh1# 0-1

[Event "SLO-ch U10 Girls"]
[Site "Rogaska Slatina"]
[Date "2009.02.22"]
[Round "2"]
[White "Krek, Eva"]
[Black "Stanic, Veronika"]
[Result "0-1"]
[WhiteElo "1500"]
[BlackElo "1500"]
[PlyCount "38"]
[EventDate "2009.02.22"]
[EventType "swiss"]
[EventRounds "9"]
[EventCountry "SLO"]
[SourceTitle "CBM 129 Extra"]
[Source "ChessBase"]
[SourceDate "2009.05.05"]
[SourceVersion "2"]
[SourceVersionDate "2009.05.20"]
[SourceQuality "1"]

1. e4 e5 2. Nf3 Nf6 3. d4 exd4 4. Nxd4 Nxe4 5. Bd3 Nf6 6. Nc3 Bd6 7. Qe2+ Kf8 8. 0-0 Nc6 9. Nxc6 dxc6 10. Bg5 h6 11. Bc1 Bg4 12. Qe1 c5 13. Be2 Be5 14. Be3 c6 15. Rd1 Qe7 16. a3 Bb8 17. Rd2 Qe5 18. f3 Qxh2+ 19. Kf2 Bg3# 0-1

[Event "SLO-ch U10 Girls"]
[Site "Rogaska Slatina"]
[Date "2009.02.22"]
[Round "1"]
[White "Stanic, Veronika"]
[Black "Netahly, Neja"]
[Result "0-1"]
[WhiteElo "1500"]
[BlackElo "1500"]
[PlyCount "70"]
[EventDate "2009.02.22"]
[EventType "swiss"]
[EventRounds "9"]
[EventCountry "SLO"]
[SourceTitle "CBM 129 Extra"]
[Source "ChessBase"]
[SourceDate "2009.05.05"]
[SourceVersion "2"]
[SourceVersionDate "2009.05.20"]
[SourceQuality "1"]

1. e4 c5 2. Nc3 d6 3. Nf3 a6 4. Bc4 e6 5. 0-0 Nf6 6. d3 Be7 7. Qd2 0-0 8. Qf4 Nc6 9. h3 Qd7 10. Qg3 e5 11. Bh6 Ne8 12. Nd5 Rb8 13. Nb6 Qc7 14. Nxc8 Rxc8 15. Bd5 Qb6 16. Bxc6 Qxc6 17. c3 Kh8 18. Be3 Qb5 19. d4 cxd4 20. cxd4 exd4 21. Nxd4 Qxb2 22. Nf5 Bf6 23. Rfd1 Qc2 24. Rac1 Qxe4 25. Rxc8 Qxf5 26. Rdc1 Be5 27. Qh4 g6 28. Qe7 Rg8 29. Rxe8 Rxe8 30. Qxe8+ Kg7 31. Rc8 Kf6 32. Qh8+ Ke6 33. Re8+ Kd5 34. Qxh7 Qb1+ 35. Bc1 Qxc1# 0-1